| 000 | 00896nas a2200289 4500 | ||
|---|---|---|---|
| 001 | BR9202911 | ||
| 003 | BR-BrBNA | ||
| 005 | 20231205092557.0 | ||
| 007 | ta | ||
| 008 | 230509b bl.|||p| |||| 00| 00por d | ||
| 040 |
_aBR-BrBNA _bpor _cBiblioteca Nacional de Agricultura |
||
| 041 | _a(Pt) | ||
| 072 | _aL70 | ||
| 100 | 1 | _aInada, T. | |
| 100 | 1 | _aGomes, A.P.M. | |
| 100 | 1 | _aBrito, S. do N. | |
| 100 | 1 | _aLima, L.B. de | |
| 100 | 1 | _aSantos, R.S. dos | |
| 100 | 1 | _aRuiz, P.M.B. | |
| 245 | 1 | _aAcupuntura e moxabustao como terapia alternativa em caes | |
| 246 | 1 | _aAcupuncture and moxabustion as alternative therapy in dogs | |
| 650 | _aCAO | ||
| 650 | _aACUPUNTURA | ||
| 773 | 0 |
_tArquivos da Universidade Federal Rural do Rio de Janeiro (Brazil) _xISSN 0100-2481 _g(Jan-Jun 1990), v. 13(1) p. 55-62 _wBR9202911 |
|
| 909 |
_a202311 _bLúcia _c55 _dLúcia Elande |
||
| 942 |
_2AGRIS _n0 _cANA |
||
| 999 |
_c132614 _d132614 |
||